Письмо Гергутт В. Шиллингу М. Ф.

Доступно только в Электронных читальных залах Найти на картеНа карте
RUSMARC
00004299nac2a22003133x 450
0011ce3727d-0bc8-41f8-b99b-ea50b1bfd7ab
00520211213224939.0
100##$a20211120l1911 k y0rusy50 ca
1010#$afre
$arus
102##$aRU
105##$ay z |||||
1220#$ad19111231
2001#$aПисьмо Гергутт В. Шиллингу М. Ф.
$j1911
215##$a5 листов
251##$cДело
300##$aЗаголовок дела на папке: Письмо Ген.... В. Шиллингу М. Ф.
300##$aЧасть текста на французском языке
300##$aНа папке дела: 23/1-1911 - 5/2-1911
300##$aЛист: 1 - конверт с маркой
300##$aРукописный текст
330##$aВходит в раздел описи: 3. Документы о научной и литературной деятельности барона Шиллинга М. Ф.. Письма разных лиц Шиллингу М. Ф.
461#0$1001ff9fc58f-089b-437b-980d-902343bc59d8
$12001
$aШиллинг Маврикий Фабианович, барон, секретарь русского посольства в Вене
$1251
$cФонд
$1852
$j813
462#0$1001665c067c-d934-4316-b9df-5bf0ad49190b
$12001
$aДела постоянного хранения. 1817-1917
$vД. 210
$1251
$cОпись
$1852
$j1
5171#$aПисьмо Ген... В. Шиллингу М. Ф.
600#1$aШиллинг
$bМ. Ф.
$cбарон
$gМаврикий Фабианович
600#1$aГергутт
$bВ.
801#0$aRU
$bGA_RF
801#1$aRU
$bГлавНИВЦ
$c20211120
$2rusmarc
801#2$aRU
$bПБ им. Б.Н. Ельцина
$c20211213
$gRCR
$2rusmarc
852##$aГА РФ
$j210
937##$d171555998
$hГАРФ
035##$aRuPRLIB51061044
856##$uhttp://readingroom.main.prlib.ru/item.aspx?id_node=n171555998&mode=full
Формат отображения